000
00252nam a2200097Ia 4500
001
1223657
005
20250827092911.0
008
250824s9999 xx 000 0 und d
245
0
_a
YIRTICI KUŞLAR ZAMANI
_c
AHMET ÜMİT
260
_b
YAPI KREDİ YAYINLARI
999
_c
1223657
_d
1223657